Normal view
MARC view
Entry Personal Name
001 - CONTROL NUMBER
- control field: 19021
003 - CONTROL NUMBER IDENTIFIER
- control field: OSt
005 - DATE AND TIME OF LATEST TRANSACTION
- control field: 20240724123836.0
008 - FIXED-LENGTH DATA ELEMENTS
- fixed length control field: 240724|| aca||aabn | a|a d
040 ## - CATALOGING SOURCE
- Original cataloging agency: OSt
- Transcribing agency: OSt
100 ## - HEADING--PERSONAL NAME
- Personal name: edited by schmidt Dragsbaek,Johannes...(etal...)
670 ## - SOURCE DATA FOUND
- Source citation: Work cat.: (OSt)9302: edited by schmidt Dragsbaek,Johannes...(etal...), Social change in southeast Asia/, 1998
